000 01225cam a2200241 4500
001 ABS64730
008 011023n2001 000 0 eng u
035 _a(Sirsi) u115251
100 _aDowden, M
245 4 _aThe bill of wrongs
260 _c2001
490 _aEstates Gazette
_v(0141) 13 October 2001, 180(1)
520 _aDiscusses the e-conveyancing provisions in the Land Registration Bill. Argues that the bill was drafted too quickly which has security and credibility implications for e-conveyancing. To address the problem of written authority being required before contracts can be concluded electronically, the bill contains deeming provisions which should avoid delay. Article examines the fraud implications of this solution and considers how defrauded sellers may turn to the Human Rights Act 1998. Concludes that practitioners are unlikely to trust the deeming provisions and calls for this part of the bill to be revised.
590 _aABS
650 _aLAND REGISTRATION BILL
650 _aECONVEYANCING
650 _aPROPERTY TRANSACTIONS
650 _aFRAUD
650 _aHUMAN RIGHTS ACT 1998
650 _aE-SIGNATURES
690 _aPROPERTY AND LAND LAW-CONVEYANCING
942 _n0
999 _c68636
_d68636